[Event "GER-chT U16"]
[Site "Lingen"]
[Date "2015.12.29"]
[Round "5.4"]
[White "Yaroshenko, Yaroslav"]
[Black "Knuepfer, Tim"]
[Result "0-1"]
[WhiteElo "1561"]
[BlackElo "1592"]
[PlyCount "112"]
[EventDate "2015.12.27"]
[EventType "team-swiss"]
[EventRounds "7"]
[EventCountry "GER"]
[SourceTitle "EXT 2017"]
[Source "ChessBase"]
[SourceDate "2016.10.25"]
[SourceVersion "1"]
[SourceVersionDate "2016.10.25"]
[SourceQuality "1"]
[WhiteTeam "Graefelfing"]
[BlackTeam "Leipzig SG"]
[WhiteTeamCountry "GER"]
[BlackTeamCountry "GER"]

1. d4 Nf6 2. c4 c5 3. Nf3 e6 4. Nc3 cxd4 5. Nxd4 a6 6. e3 Qc7 7. Bd3 b6 8. 0-0 Bb7 9. Be2 Be7 10. Bf3 0-0 11. Bxb7 Qxb7 12. b3 Nc6 13. Bb2 Rfd8 14. Nxc6 dxc6 15. Qe2 Qc7 16. Rad1 Rxd1 17. Rxd1 Rd8 18. Rxd8+ Qxd8 19. h3 h6 20. Qc2 c5 21. Ne2 Nh7 22. e4 Nf6 23. f3 Nd7 24. f4 Bf8 25. g3 Nb8 26. g4 Nc6 27. a3 Qc7 28. e5 Qd8 29. Kg2 b5 30. Kg3 Qa5 31. Kf2 b4 32. a4 Qd8 33. Kg3 Be7 34. Kg2 a5 35. Kg3 Bf8 36. f5 exf5 37. gxf5 Qg5+ 38. Kh2 Qe3 39. Kg2 Nxe5 40. Bxe5 Qxe5 41. Ng3 Bd6 42. Qd3 Qxg3+ 43. Qxg3 Bxg3 44. Kxg3 g6 45. f6 h5 46. Kf4 Kh7 47. Kg5 Kg8 48. Kf4 Kh8 49. Ke5 Kh7 50. Kd5 g5 51. Kxc5 g4 52. hxg4 h4 53. Kb6 h3 54. c5 h2 55. c6 h1Q 56. c7 Qa8 0-1

[Event "Sachsen-ch U12"]
[Site "Sebnitz"]
[Date "2013.04.02"]
[Round "1"]
[White "Knuepfer, Tim"]
[Black "Zienert, Richard"]
[Result "0-1"]
[WhiteElo "1474"]
[BlackElo "1769"]
[PlyCount "92"]
[EventDate "2013.04.02"]
[EventType "swiss"]
[EventRounds "7"]
[EventCountry "GER"]
[SourceTitle "EXT 2014"]
[Source "ChessBase"]
[SourceDate "2013.11.20"]
[SourceVersion "1"]
[SourceVersionDate "2013.11.20"]
[SourceQuality "1"]

1. e4 c5 2. Nf3 d6 3. d4 cxd4 4. Nxd4 Nf6 5. Nc3 a6 6. Bg5 Nbd7 7. Bc4 e6 8. 0-0 Nc5 9. b4 Ncd7 10. a3 Qc7 11. Qd3 Ne5 12. Bb5+ axb5 13. Ncxb5 Qb6 14. Qc3 Nc6 15. Nxc6 bxc6 16. Bxf6 gxf6 17. Qxf6 Rg8 18. Nc3 Bg7 19. Qg5 Qd4 20. Ne2 Qe5 21. Qxe5 Bxe5 22. Ra2 Ba6 23. c3 Bc4 24. Rd2 Rxa3 25. Rc1 Bxe2 26. Rxe2 Rxc3 27. Rxc3 Bxc3 28. Ra2 Ke7 29. Rc2 Ra8 30. Kf1 Bxb4 31. Rxc6 Ra1+ 32. Ke2 Ra2+ 33. Kf3 Bc5 34. Rc8 Rxf2+ 35. Kg3 Bd4 36. Rc4 Rd2 37. h3 Be5+ 38. Kf3 Kf6 39. Rb4 h5 40. Rb7 Rd3+ 41. Ke2 Rg3 42. Kf2 Rg7 43. Rb3 Bd4+ 44. Kf3 h4 45. Rb8 Rg3+ 46. Ke2 Rxg2+ 0-1

[Event "GER-chT U12"]
[Site "Verden"]
[Date "2012.12.30"]
[Round "7.4"]
[White "Pajeken, Jakob Leon"]
[Black "Knuepfer, Tim"]
[Result "1-0"]
[WhiteElo "1475"]
[BlackElo "1348"]
[PlyCount "67"]
[EventDate "2012.12.27"]
[EventType "team-swiss"]
[EventRounds "7"]
[EventCountry "GER"]
[SourceTitle "EXT 2014"]
[Source "ChessBase"]
[SourceDate "2013.11.20"]
[SourceVersion "1"]
[SourceVersionDate "2013.11.20"]
[SourceQuality "1"]
[WhiteTeam "Hamburger SK"]
[BlackTeam "Leipzig SG"]
[WhiteTeamCountry "GER"]
[BlackTeamCountry "GER"]

1. e4 c5 2. Nf3 Nc6 3. d4 cxd4 4. Nxd4 Nf6 5. Nc3 e5 6. Ndb5 d6 7. Bg5 a6 8. Bxf6 gxf6 9. Na3 b5 10. Nd5 Bg7 11. c4 b4 12. Qa4 Bb7 13. Nb5 0-0 14. Nxd6 Nd4 15. Qd1 Bc8 16. Nxc8 Rxc8 17. Bd3 Ne6 18. 0-0 Nc7 19. Qh5 h6 20. Qf5 Ne6 21. b3 Re8 22. Rad1 Nf8 23. Be2 Nh7 24. Bg4 Rb8 25. Nxb4 Qc7 26. Nxa6 Qa7 27. Nxb8 Qxb8 28. Qd7 Rf8 29. Rd3 Ng5 30. Re1 Qb4 31. Kf1 Ra8 32. h4 Nh7 33. Bh5 Qf8 34. a4 1-0

[Event "Sachsen-ch U12"]
[Site "Sebnitz"]
[Date "2012.04.13"]
[Round "6"]
[White "Knuepfer, Tim"]
[Black "Poeschl, Ole"]
[Result "1-0"]
[WhiteElo "1399"]
[BlackElo "1333"]
[PlyCount "83"]
[EventDate "2012.04.10"]
[EventType "swiss"]
[EventRounds "7"]
[EventCountry "GER"]
[SourceTitle "CBM 148 Extra"]
[Source "ChessBase"]
[SourceDate "2012.06.22"]
[SourceVersion "1"]
[SourceVersionDate "2012.06.22"]
[SourceQuality "1"]

1. e4 e5 2. Nf3 Nc6 3. Bc4 Nf6 4. d3 h6 5. c3 Bc5 6. b4 Bb6 7. a4 a5 8. b5 Ne7 9. Nxe5 0-0 10. Qb3 d5 11. exd5 Nexd5 12. 0-0 Bf5 13. Ba3 Re8 14. d4 Rc8 15. Nd2 c6 16. bxc6 bxc6 17. Ba6 Rc7 18. Ndf3 Ne4 19. c4 Nb4 20. c5 Ba7 21. Bxb4 axb4 22. Qxb4 Qe7 23. Nc4 Rb8 24. Qa3 Be6 25. Nd6 Rb3 26. Qc1 Nxd6 27. cxd6 Qxd6 28. Bc4 Bxc4 29. Qxc4 Rb4 30. Qc2 Bxd4 31. Rfe1 g6 32. Rad1 c5 33. Qd2 Kg7 34. a5 Rb2 35. Qxb2 Qxh2+ 36. Kxh2 Bxb2 37. Re2 Bf6 38. Ra2 c4 39. a6 Ra7 40. Nd4 Bxd4 41. Rxd4 c3 42. Rc4 1-0

[Event "Sachsen-ch U12"]
[Site "Sebnitz"]
[Date "2012.04.11"]
[Round "2"]
[White "Simon, Tim"]
[Black "Knuepfer, Tim"]
[Result "0-1"]
[WhiteElo "1316"]
[BlackElo "1399"]
[PlyCount "108"]
[EventDate "2012.04.10"]
[EventType "swiss"]
[EventRounds "7"]
[EventCountry "GER"]
[SourceTitle "CBM 148 Extra"]
[Source "ChessBase"]
[SourceDate "2012.06.22"]
[SourceVersion "1"]
[SourceVersionDate "2012.06.22"]
[SourceQuality "1"]

1. e4 c5 2. Nf3 d6 3. d4 cxd4 4. Nxd4 Nf6 5. Nc3 a6 6. Bc4 e6 7. 0-0 Be7 8. Be3 0-0 9. Qd2 b5 10. Bb3 b4 11. Nce2 Nxe4 12. Qxb4 d5 13. Qe1 Bd7 14. a3 Nc6 15. Nxc6 Bxc6 16. a4 Bc5 17. Bxc5 Nxc5 18. Nd4 Nxb3 19. Nxb3 Rc8 20. Qa5 Qxa5 21. Nxa5 Bd7 22. c3 Rb8 23. b4 Rfc8 24. Rfc1 d4 25. cxd4 Rxc1+ 26. Rxc1 Rxb4 27. Nc4 Bxa4 28. Nb6 Kf8 29. Nxa4 Rxa4 30. Rd1 a5 31. f4 Ra2 32. g4 a4 33. f5 a3 34. fxe6 fxe6 35. d5 exd5 36. Rxd5 Rb2 37. Ra5 a2 38. Rf5+ Ke7 39. Re5+ Kd6 40. Ra5 Rb1+ 41. Kg2 a1Q 42. Rxa1 Rxa1 43. h3 Ra3 44. g5 Ke5 45. h4 Kf4 46. h5 g6 47. hxg6 hxg6 48. Kf2 Ra2+ 49. Ke1 Ke3 50. Kd1 Rh2 51. Kc1 Kd3 52. Kb1 Kc3 53. Ka1 Kb3 54. Kb1 Rh1# 0-1

[Event "Sachsen-ch U10"]
[Site "Sebnitz"]
[Date "2011.04.27"]
[Round "2"]
[White "Knuepfer, Tim"]
[Black "Zienert, Richard"]
[Result "0-1"]
[WhiteElo "1303"]
[BlackElo "1233"]
[PlyCount "100"]
[EventDate "2011.04.26"]
[EventType "swiss"]
[EventRounds "7"]
[EventCountry "GER"]
[SourceTitle "EXT 2012"]
[Source "ChessBase"]
[SourceDate "2011.11.24"]
[SourceVersion "1"]
[SourceVersionDate "2011.11.24"]
[SourceQuality "1"]

1. e4 c5 2. d4 cxd4 3. c3 dxc3 4. Nxc3 Nc6 5. Nf3 e6 6. Bc4 a6 7. a4 Nf6 8. Bg5 Be7 9. 0-0 0-0 10. Qe2 Qc7 11. Rac1 Ng4 12. Bxe7 Nd4 13. Kh1 Nxe2 14. Bxe2 Qb6 15. a5 Qxb2 16. Bxf8 Kxf8 17. Ng5 Nxf2+ 18. Kg1 h6 19. Nxf7 Kxf7 20. Rxf2+ Ke7 21. Rff1 b5 22. Bh5 b4 23. Na4 Qd4+ 24. Kh1 Bb7 25. Nc5 Bc6 26. Rf7+ Kd8 27. Nxe6+ dxe6 28. Rd1 Qxd1+ 29. Bxd1 Bxe4 30. Rxg7 Rc8 31. Rg8+ Kd7 32. Rg4 Rf8 33. Be2 Bc6 34. Rxb4 Rf5 35. Rb6 Rf2 36. Bxa6 Ra2 37. Rb1 Rxg2 38. Rb6 Rg5+ 39. Rxc6 Kxc6 40. Bd3 Rxa5 41. Kg2 Kd5 42. Bg6 Kd4 43. h4 e5 44. h5 e4 45. Kf2 Ra2+ 46. Ke1 Ke3 47. Kd1 Kf3 48. Be8 e3 49. Bb5 e2+ 50. Bxe2+ Rxe2 0-1